Les Simpson - Personnages présents depuis le premier épisode - Statistiques

Statistiques générales
  • Ce quiz a été pris 56 fois
  • Le résultat moyen est 14 sur 25
Statistiques - réponses
Question Tuile Select % Correct
Cochez tous les personnages qui ont fait leur apparition dès le premier épisode de la première saison "Noël mortel" Non
89%
Cochez tous les personnages qui ont fait leur apparition dès le premier épisode de la première saison "Noël mortel" Non
87%
Cochez tous les personnages qui ont fait leur apparition dès le premier épisode de la première saison "Noël mortel" Non
87%
Cochez tous les personnages qui ont fait leur apparition dès le premier épisode de la première saison "Noël mortel" Oui
83%
Cochez tous les personnages qui ont fait leur apparition dès le premier épisode de la première saison "Noël mortel" Non
78%
Cochez tous les personnages qui ont fait leur apparition dès le premier épisode de la première saison "Noël mortel" Non
74%
Cochez tous les personnages qui ont fait leur apparition dès le premier épisode de la première saison "Noël mortel" Oui
74%
Cochez tous les personnages qui ont fait leur apparition dès le premier épisode de la première saison "Noël mortel" Oui
70%
Cochez tous les personnages qui ont fait leur apparition dès le premier épisode de la première saison "Noël mortel" Non
65%
Cochez tous les personnages qui ont fait leur apparition dès le premier épisode de la première saison "Noël mortel" Oui
63%
Cochez tous les personnages qui ont fait leur apparition dès le premier épisode de la première saison "Noël mortel" Non
61%
Cochez tous les personnages qui ont fait leur apparition dès le premier épisode de la première saison "Noël mortel" Non
61%
Cochez tous les personnages qui ont fait leur apparition dès le premier épisode de la première saison "Noël mortel" Oui
59%
Cochez tous les personnages qui ont fait leur apparition dès le premier épisode de la première saison "Noël mortel" Oui
57%
Cochez tous les personnages qui ont fait leur apparition dès le premier épisode de la première saison "Noël mortel" Non
57%
Cochez tous les personnages qui ont fait leur apparition dès le premier épisode de la première saison "Noël mortel" Non
54%
Cochez tous les personnages qui ont fait leur apparition dès le premier épisode de la première saison "Noël mortel" Non
48%
Cochez tous les personnages qui ont fait leur apparition dès le premier épisode de la première saison "Noël mortel" Oui
46%
Cochez tous les personnages qui ont fait leur apparition dès le premier épisode de la première saison "Noël mortel" Oui
41%
Cochez tous les personnages qui ont fait leur apparition dès le premier épisode de la première saison "Noël mortel" Non
41%
Cochez tous les personnages qui ont fait leur apparition dès le premier épisode de la première saison "Noël mortel" Oui
33%
Cochez tous les personnages qui ont fait leur apparition dès le premier épisode de la première saison "Noël mortel" Oui
24%
Cochez tous les personnages qui ont fait leur apparition dès le premier épisode de la première saison "Noël mortel" Oui
22%
Cochez tous les personnages qui ont fait leur apparition dès le premier épisode de la première saison "Noël mortel" Oui
15%
Cochez tous les personnages qui ont fait leur apparition dès le premier épisode de la première saison "Noël mortel" Oui
13%
Aucun quiz correspondant
Distribution des résultats
% des personnes avec chaque résultat
Percentile par nombre de réponses
Votre historique - résultats
Vous n’avez pas pris ce quiz